000 00377nam a2200145Ia 4500
008 180921t xxu||||| |||| 00| 0 eng d
041 _aeng
080 _a537.872
_bENE
245 _aEnergy Consumption Baseline Analysis
260 _bSustainable Energy Authority
_aColombo
300 _a22p,Pl., 21 cm
942 _cBK
999 _c13557
_d13557
003 LK-CoDNM
040 _aLK-CoDNM
_dLK-CoDNM
_eLK-CoDNM